| 000 | 003310000a22001450004500 | ||
|---|---|---|---|
| 001 | 006323 | ||
| 003 | MACL | ||
| 040 | _aMACL | ||
| 090 |
_c13495 _d13494 |
||
| 245 |
_aLugat ul Khwateen _bAshhari Syed Amjad Ali |
||
| 260 |
_aKhadim ut Taleem Press Lahore, _c1907 |
||
| 350 | _a1.75 | ||
| 650 | _aUrdu Literature | ||
| 942 |
_k891 _cBook |
||
| 999 |
_c13422 _d13422 |
||